| 000 | 00814nam a22002177a 4500 | ||
|---|---|---|---|
| 999 |
_c194231 _d194231 |
||
| 005 | 20230119170224.0 | ||
| 010 | _aB-747912-928 E.N.A./7.11.22 | ||
| 020 |
_a9788192933542 _c480.00 |
||
| 035 | _aB-747912-928 | ||
| 037 | _bVaibhav Prakashan | ||
| 082 | _a000 | ||
| 100 | _aSanjiv Kumar | ||
| 245 |
_aObjective General Knowledge/ _cSanjiv Kumar...[et..al] |
||
| 260 |
_aPatna _bLucent Publication _c2022 |
||
| 270 |
_aNew Bypass Road, Ashochak _bPatna _e800030 _k9934016609 |
||
| 300 |
_a654p. _c27cm(pbk) |
||
| 700 | _aSanjeev Kumar | ||
| 700 | _aSunil Kumar Singh | ||
| 942 |
_2ddc _cEN _mSAN _h000 |
||